000 00444nab a2200145Ia 4500
003 ES-SlBCS
005 20210601124306.0
008 140529s1977 xxu||||| |||| 00| 0 eng d
041 _aeng
100 1 _aKaplan, Thomas J.
_9139259
245 0 0 _aHistory and the Secondary School Curriculum
_c Thomas J. Kaplan
650 0 4 _aHistoria-Escuela
_9139260
773 0 _tEducational Theory
_gvol. 27, nº. 2, 1977, págs. 120-127
_wRev1399
942 _cAR
999 _c512418
_d512418